Antiikin metallit - Statistics

Yleistilastot
  • Tätä visaa on pelattu 1 618 kertaa
  • Keskiarvotulos 5 / 7
Vastaustilastot
Metalli % Oikein
Kulta
96%
Rauta
95%
Hopea
93%
Kupari
87%
Tina
58%
Elohopea
48%
Lyijy
32%
Ehtoja vastaavia visoja ei löytynyt
Tulosjakauma
Jokaisen tuloksen saaneiden osuus
Persentiili vastausten määrän mukaan
Tuloshistoriasi
Et ole pelannut tätä visaa